00303nam a22001217a 4500003000400000008004100004100001500045245004800060250000900108260002200117300000900139650003300148OSt200711b ||||| |||| 00| 0 eng d aBhise ,S.B aText book of Human anatomy and Physiology-2 a2019 aNew DelhibNirali a8.14 aHuman Anatomy and Physiology